00325nam a2200133Ia 45000030006000000080041000060400015000471000024000622450030000862500015001162600031001315460012001620050017001740STCL150530s9999 xx 000 0 und d aSTCLcSTCL aAmshed Batliboi, R. aDouble entry book keeping aFourteenth bStandard accountancyc1953 aEnglish20220125170542.0